Canadian Open Champions - Statistics

General Stats
  • This quiz has been taken 33 times
  • The average score is 35 of 55
Answer Stats
Year Winner % Correct
1992 Andre Agassi
100%
1994 Andre Agassi
100%
1995 Andre Agassi
100%
2009 Andy Murray
100%
2010 Andy Murray
100%
2015 Andy Murray
100%
2007 Novak Djokovic
100%
2011 Novak Djokovic
100%
2012 Novak Djokovic
100%
2016 Novak Djokovic
100%
2005 Rafael Nadal
100%
2008 Rafael Nadal
100%
2013 Rafael Nadal
100%
2018 Rafael Nadal
100%
2019 Rafael Nadal
100%
2004 Roger Federer
100%
2006 Roger Federer
100%
2003 Andy Roddick
88%
2021 Daniil Medvedev
88%
2023 Jannik Sinner
84%
2017 Alexander Zverev
80%
1986 Boris Becker
80%
1980 Ivan Lendl
80%
1981 Ivan Lendl
80%
1983 Ivan Lendl
80%
1987 Ivan Lendl
80%
1988 Ivan Lendl
80%
1989 Ivan Lendl
80%
1970 Rod Laver
76%
1984 John McEnroe
72%
1985 John McEnroe
72%
1979 Björn Borg
68%
2014 Jo-Wilfried Tsonga
68%
1998 Patrick Rafter
64%
1972 Ilie Năstase
60%
2000 Marat Safin
56%
1990 Michael Chang
56%
2022 Pablo Carreño Busta
56%
1971 John Newcombe
52%
1974 Guillermo Vilas
32%
1976 Guillermo Vilas
32%
1975 Manuel Orantes
32%
1982 Vitas Gerulaitis
28%
1999 Thomas Johansson
24%
2002 Guillermo Cañas
20%
1973 Tom Okker
16%
2001 Andrei Pavel
12%
1997 Chris Woodruff
12%
1993 Mikael Pernfors
12%
1991 Andrei Chesnokov
8%
1996 Wayne Ferreira
8%
1978 Eddie Dibbs
4%
1968 Ramanathan Krishnan
4%
1969 Cliff Richey
0%
1977 Jeff Borowiak
0%
No matching quizzes found
Score Distribution
Percent of People with Each Score
Percentile by Number Answered
Your Score History
You have not taken this quiz